| 000 | 00611nam a2200145Ia 4500 | ||
|---|---|---|---|
| 008 | 090124s9999 xx 000 0 und d | ||
| 082 | _b203245 | ||
| 245 | _a राजकर्ते गायकवाड काही ऐतिहासिक प्रसंग | ||
| 250 | _a1 | ||
| 260 |
_bचिटणीस गो.के. _c1985 |
||
| 300 | _a245 | ||
| 630 | _a राजकर्ते गायकवाड काही ऐतिहासिक प्रसंग | ||
| 730 | _a राजकर्ते गायकवाड काही ऐतिहासिक प्रसंग | ||
| 942 | _cBOOK | ||
| 999 |
_c184826 _d184826 |
||